Modern mathematics for the engineer

Guardado en:
Detalles Bibliográficos
Autores principales: Weller, Royal (Autor), Lefschetz, Solomon (Autor), Bellman, Richard (Autor), Green, John W (Autor), Hestenes, Magnus R (Autor), Courant, Richard (Autor), Schiffer, Menahem M (Autor), Sokolnikoff, Ivan S (Autor), Wiener, Norbert (Autor), Bohnenblust, H., Frederic (Autor), King, Gilbert W (Autor), Brown, George W (Autor), Pipes, Louis A (Autor), Barnes, John L (Autor), Beckenbach, Edwin F (Autor), Morrey, Charles Bradfield (Autor), Forsythe, George Elmer (Autor), Tompkins, Charles B (Autor), Lehmer, Derrick H (Autor)
Formato: Libro
Lenguaje:inglés
Publicado: Nueva York McGraw-Hill 1956
Colección:University of California Engineering Extension Series
Materias:
Etiquetas: Agregar Etiqueta
Sin Etiquetas, Sea el primero en etiquetar este registro!

MARC

LEADER 00000nam a2200000 a 4500
001 UCU2770
003 CL-VaPUC
008 960426e19560000US |||||||||||||||||eng|d
082 0 4 |a 511.8  |b WEL  |2 21 
100 0 |a Weller, Royal  |e author  |9 359268 
700 |a Lefschetz, Solomon  |e author  |9 564073 
700 0 |a Bellman, Richard  |e author  |9 359270 
700 0 |a Green, John W  |e author  |9 359271 
700 0 |a Hestenes, Magnus R  |e author  |9 359272 
700 0 |a Courant, Richard  |e author  |9 359273 
700 0 |a Schiffer, Menahem M  |e author  |9 359274 
700 0 |a Sokolnikoff, Ivan S  |e author  |9 359275 
700 0 |a Wiener, Norbert  |e author  |9 359276 
700 0 |a Bohnenblust, H., Frederic  |e author  |9 359277 
700 0 |a King, Gilbert W  |e author  |9 359278 
700 0 |a Brown, George W  |e author  |9 359279 
700 0 |a Pipes, Louis A  |e author  |9 359280 
700 0 |a Barnes, John L  |e author  |9 359281 
700 0 |a Beckenbach, Edwin F  |e author  |9 359282 
700 |a Morrey, Charles Bradfield  |e author  |9 525396 
700 0 |a Forsythe, George Elmer  |e author  |9 359284 
700 0 |a Tompkins, Charles B  |e author  |9 359285 
700 0 |a Lehmer, Derrick H  |e author  |9 359286 
245 1 0 |a Modern mathematics for the engineer 
300 |a 514 p 
942 |c BK 
945 |d 19960426 00:00:00  |a lriquelm 
260 |a Nueva York  |b McGraw-Hill  |c 1956 
650 0 |a Matemática  |9 260235 
650 0 |a Ingeniería   |9 259380 
650 0 |a Modelos matemáticos   |9 259437 
650 0 |a Cálculo  |9 260234 
650 0 |a Variables  |9 338106 
650 0 |a Ecuaciones  |9 260137 
650 0 |a Ingeniería de sistemas   |9 261019 
650 0 |a Matrices   |9 22 
650 0 |a Programación lineal   |9 23 
583 |a last modification  |c 19960426 00:00:00  |k Rodrigo Vera 
490 0 |a University of California Engineering Extension Series 
999 |c 246993  |d 246991 
952 |0 0  |1 0  |4 0  |6 511_800000000000000_WEL_1956  |7 0  |8 A  |9 262421  |a BIBING  |b BIBING  |d 2019-11-19  |i 1643045  |o 511.8 WEL 1956  |p 1643045  |r 2025-01-20  |w 2019-11-19  |y BK  |k EIQ